| 000 | 01179nam2a22003011 4500 | ||
|---|---|---|---|
| 001 | v19\rc\1959476 | ||
| 005 | 20260406113006.0 | ||
| 035 | _a(NLR Aleph) 005043388 | ||
| 090 |
_a6817663 _c6817663 |
||
| 100 | _a20080428d1914 u y0rusy50 ca | ||
| 101 | 0 | _arus | |
| 102 | _aRU | ||
| 105 | _ay z ||||| | ||
| 200 | 1 |
_aКурс 8-го класса _iИ.С. Тургенев |
|
| 210 | _d1914 | ||
| 215 | _a24 с. | ||
| 461 | 0 |
_1001v19\rc\1959460 _12001#$a"Темничек" [по литературе]$eВып. 1-20$fА.К. Семенов$vВып. 16 _1700#1$aСеменов$bА.К. _96817499 _aСеменов, А.К. _cОдесса _d1913-1914 _fА.К. Семенов _nМ.С. Козман _oВып. 1-20 _p20 т. _t"Темничек" [по литературе] _vВып. 16 |
|
| 532 | 1 | 1 | _aКурс восьмого класса |
| 702 | 1 |
_4570 _8rus _7ca _aТургенев _bИ. С. _f1818-1883 _gИван Сергеевич _3RU\NLR\AUTH\77102 _9110198 |
|
| 801 | 0 |
_aRU _bNLR _gpsbo |
|
| 801 | 0 |
_aRU _bRuMoRGB _2psbo |
|
| 801 | 1 |
_aRU _bProSoft-M _2rusmarc |
|
| 852 |
_aNLR _j20.36.9.448 |
||
| 899 |
_aRuMoRGB _jP 47/120 |
||
| 899 | _aБАН | ||
| 942 | _cBOOK | ||
| 980 | _aNB | ||